Deník : Vyvolení : tak to byl fičák! /

Korporativní autor: Televize Prima
Jazyk: Čeština
Vydáno: Havlíčkův Brod : Fragment, 2005
Vydání: 1. vyd.
Témata:
Externí odkaz: Digitalizovaný dokument
Fyzický popis: [112] s., [32] s. barev. obr. příl. barev. il., portréty ; 30 cm
Knihy
Uloženo v:
LEADER 01535nam a2200421 a 4500
001 000804464
003 CZ BrMZK
005 20171110105858.0
007 ta
008 060106s2005 xr acf er 000 0dcze
015 |a cnb001637144 
020 |a 80-253-0034-X  |q (váz.) 
040 |a BOA001  |b cze 
043 |a e-xr--- 
072 7 |a 316.4/.7  |x Sociální interakce  |2 Konspekt  |9 18 
080 |a 929  |2 MRF 
080 |a 7.097-021.121  |2 MRF 
080 |a 316.472.4  |2 MRF 
080 |a 316.48  |2 MRF 
080 |a (437.3)  |2 MRF 
080 |a (093.3)  |2 MRF 
245 0 0 |a Deník :  |b Vyvolení : tak to byl fičák! /  |c [text FTV Prima] 
246 3 0 |a Vyvolení 
250 |a 1. vyd. 
260 |a Havlíčkův Brod :  |b Fragment,  |c 2005 
300 |a [112] s., [32] s. barev. obr. příl.  |b barev. il., portréty ;  |c 30 cm 
500 |a Obálkový podnázev: mnohokrát jste o něm slyšeli, ale nikdy jste ho nemohli vidět! 
630 0 4 |a VyVolení (televizní pořad)  |0 s 
650 0 7 |a reality show  |7 ph325882  |z Česko  |2 czenas 
650 0 7 |a interpersonální vztahy  |7 ph114786  |2 czenas 
650 0 7 |a interpersonální konflikty  |7 ph121154  |2 czenas 
655 7 |a deníky  |7 fd132006  |2 czenas 
710 2 |a Televize Prima  |7 kn20030311019 
856 4 1 |u http://www.digitalniknihovna.cz/mzk/uuid/uuid:907e9970-45d6-11e2-9b88-005056827e51  |y Digitalizovaný dokument  |x NDK 
910 |a BOA001  |b 3-1161.834 
990 |a BK 
991 |b 200601  |c NOV 
996 6 |b 2610267799  |c 3-1161.834  |l MZK  |r Sklad / do 1 hodiny  |n 2  |p p.v.  |w 000804464  |u 000010  |a 1  |e BOA001  |j MZK50  |s P